Größte Gemeinden Österreichs mit "P" - Statistiken

Allgemein
  • Dieses Quiz wurde 64 mal gespielt
  • Das Durchschnittsergebnis liegt bei 5 aus 10
Antwortstatistiken
Einwohner Bezirk Bundesland Gemeinde % Korrekt
8.642 Perg Oberösterreich Perg
98%
15.022 Mödling Niederösterreich Perchtoldsdorf
73%
9.713 St. Pölten-Land Niederösterreich Purkersdorf
64%
5.823 Oberwart Burgenland Pinkafeld
59%
7.607 Linz-Land Oberösterreich Pasching
48%
6.014 Hartberg-Fürstenfeld Steiermark Pöllau
41%
7.770 St. Pölten-Land Niederösterreich Pressbaum
36%
7.160 Baden Niederösterreich Pottendorf
32%
5.808 Villach-Land Kärnten Paternion
25%
6.265 Graz-Umgebung Steiermark Premstätten
25%
Keine übereinstimmenden Quizze gefunden
Verteilung der Resultate
Anzahl Personen mit jedem Resultat
Perzentil nach korrekt beantworteten Fragen
Ihre Resultats-Entwicklung
Sie haben dieses Quiz noch nicht gespielt